000 00296nam a22001337a 4500
008 170220b xxu||||| |||| 00| 0 eng d
020 _a9780721604350
041 _aeng
080 _26ed
_a615
100 _a5
101 _ashf
245 _aMEDICAL COMLICATIONS DURING
_cBURROW
942 _2udc
_cBK
999 _c5758
_d5758